| 000 | 00924akm a2200337a 44500 | ||
|---|---|---|---|
| 008 | 960130s1991 cat | ||
| 041 | _acat | ||
| 080 | _a799.31(038) | ||
| 110 |
_aMollet del Vallès. Ajuntament. Servei Municipal de Català _964779 |
||
| 245 | _aEl tir al plat | ||
| 245 | _cMollet del Vallès. Ajuntament. Servei Municipal de Català. | ||
| 245 | _h[cartell] | ||
| 260 | _a[Barcelona] | ||
| 260 | _bGeneralitat de Catalunya. Direcció General de Política Lingüística | ||
| 260 | _c1991 | ||
| 300 | _bil. | ||
| 500 | _btermcat | ||
| 520 | _a29 | ||
| 591 | _a3347 | ||
| 592 | _aObra terminològica | ||
| 593 | _aVND | ||
| 594 | _a3347 | ||
| 650 |
_atir al plat _965180 |
||
| 650 |
_atir _965179 |
||
| 700 |
_aSimoncini, R. _965181 |
||
| 901 | _c[<1991>] | ||
| 902 | _a960130 | ||
| 942 |
_cMO _n0 |
||
| 999 |
_c54338 _d54338 |
||